| 000 | 00000nam##2200000za#4500 |
| 001 | 9.630788 |
| 003 | CaOODSP |
| 005 | 20210624214020 |
| 007 | cr ||||||||||| |
| 008 | 150407|2002||||xxc|||||o f|0| 0 fre|d |
| 020 | |a0-662-87502-8 |
| 040 | |aCaOODSP|bfre |
| 043 | |an-cn--- |
| 086 | 1 |aEn4-6/2002F-IN |
| 110 | 1 |aCanada. |bEnvironnement Canada. |
| 245 | 10|aInitiative de l'écosystème du bassin de Georgia : |h[ressource électronique]|b2001/02 rapport public |
| 260 | |aVancouver - Colombie Britannique : |bEnvironnement Canada |c2002. |
| 300 | |a8p.|bcarte en couleur, photographies |
| 590 | |a14-08-Supp|b2014-04-10 |
| 691 | 07|aProtection de l'environnement|2gcpds |
| 775 | 08|tGeorgia Basin Ecosystem Initiative : |w(CaOODSP)9.686312 |
| 856 | 40|ahttp://publications.gc.ca|qPDF|s1.69 Mo|uhttps://publications.gc.ca/collections/collection_2014/ec/En4-6-2002-fra.pdf |
| 986 | |aEC/GB-02-060 |